Statistics for Pokemon Crossword #2

Click here to take the quiz!

General Stats

  • This quiz has been taken 52 times
  • The average score is 11 of 15

Answer Stats

HintAnswer% Correct
Water type Pokemon prone to getting headachesPsyduck
98%
Type that does not take damage from hailIce
95%
A pokeball better at catching bug & water typesNet
91%
The 'Royal Sword' PokemonAegislash
86%
Pokemon with the ability MummyCofagrigus
86%
Signature move of DelibirdPresent
84%
Dark type move that hits before the opponent attacks, ______ PunchSucker
84%
HM04Strength
79%
Player's rival in SMUSUM
Hau
77%
Ace Pokemon of Unova Elite Four member GrimsleyBisharp
63%
Grants immunity to powder/spore moves & damage from weather damage, Safety _______Goggles
58%
Second gym leader of Fuchsia City, daughter of KogaJanine
58%
Forest found west of Azalea Town in Johto
Ilex
56%
The 'Frog' PokemonPolitoed
56%
Physical damage reduction caused by the burned conditionHalf
37%

Score Distribution

Percentile by Number Answered

Percent of People with Each Score

Your Score History

You have not taken this quiz